Mirabai / (Record no. 272000)

MARC details
000 -LEADER
fixed length control field 00862nam a2200301 a 4500
001 - CONTROL NUMBER
control field vtls000311475
003 - CONTROL NUMBER IDENTIFIER
control field NLI
005 - DATE AND TIME OF LATEST TRANSACTION
control field 20210602135947.0
008 - FIXED-LENGTH DATA ELEMENTS--GENERAL INFORMATION
fixed length control field 101203n ii 000 0beng
020 ## - INTERNATIONAL STANDARD BOOK NUMBER
Terms of availability Rs. 1.50
039 #9 - LEVEL OF BIBLIOGRAPHIC CONTROL AND CODING DETAIL [OBSOLETE]
-- 201012032121
-- VLOAD
040 ## - CATALOGING SOURCE
Original cataloging agency NLI
Language of cataloging eng
Transcribing agency Retro_DSC 1
Description conventions AACR2
041 0# - LANGUAGE CODE
Language code of text/sound track or separate title eng
044 ## - COUNTRY OF PUBLISHING/PRODUCING ENTITY CODE
MARC country code ii
082 04 - DEWEY DECIMAL CLASSIFICATION NUMBER
Classification number 92
100 1# - MAIN ENTRY--PERSONAL NAME
Personal name Chandrakant, Kamala
9 (RLIN) 485426
245 10 - TITLE STATEMENT
Title Mirabai /
Statement of responsibility, etc. Kamala Chandrakant ; edited by Anant Pai
260 ## - PUBLICATION, DISTRIBUTION, ETC.
Place of publication, distribution, etc. Bombay :
Name of publisher, distributor, etc. IBH Pub.,
Date of publication, distribution, etc. [n.d.]
300 ## - PHYSICAL DESCRIPTION
Extent Various pagings ;
Dimensions 24 cm.
600 00 - SUBJECT ADDED ENTRY--PERSONAL NAME
Personal name Mirabai,
Dates associated with a name fl. 1516-1546
9 (RLIN) 274430
650 #0 - SUBJECT ADDED ENTRY--TOPICAL TERM
Topical term or geographic name entry element Poets, Hindi
Geographic subdivision India
General subdivision Biography
9 (RLIN) 198044
700 1# - ADDED ENTRY--PERSONAL NAME
Personal name Pai, Anant,
Relationship edt
9 (RLIN) 190297
887 ## - NON-MARC INFORMATION FIELD
Content of non-MARC field
901 ## - LOCAL DATA ELEMENT A, LDA (RLIN)
a DB23186
b 14.05.1973
902 ## - LOCAL DATA ELEMENT B, LDB (RLIN)
a JE/O 92 M 67
949 ## - LOCAL PROCESSING INFORMATION (OCLC)
-- VIRTUAITEM
-- 10000
-- 100
6 DBA000023186ENG
942 ## - ADDED ENTRY ELEMENTS (KOHA)
Source of classification or shelving scheme Dewey Decimal Classification
Koha item type Books
Holdings
Withdrawn status Lost status Damaged status Not for loan Collection code Home library Current library Shelving location Date acquired Total Checkouts Full call number Barcode Date last seen Price effective from Koha item type
        Juvenile English Oversized National Library of India National Library of India Juvenile English Oversized - Main Stack Division     JE/O 92 M 67 DBA000023186ENG 02/06/2021 02/06/2021 Books
                                                                           
web counter

Copyright ©2020 The National Library of India, Govt. of India ↔ Hosted by NVLI, MOC ↔ Technology and Design by National Library of India, Ministry of Culture, Govt. of India